LEADER 01027cam0 22002773 450 001 SOB019659 005 20210608105018.0 010 $a8813236824 100 $a20040211d2002 |||||ita|0103 ba 101 $aita 102 $aIT 200 1 $aCodice di Diritto Privato Europeo$fVincenzo Scalisi 210 $aPadova$cCedam$d2002 215 $aLI, 997 p.$d23 cm$e1 CD-ROM 300 $aAggiornamento sino a G.U.C.E. e G.U.R.I. del 20 aprile 2002 702 1$aScalisi, Vincenzo$3AF00005746$4070 710 02$a*Unione Europea$3AF00024673$4070$0361259 801 0$aIT$bUNISOB$c20210608$gRICA 850 $aUNISOB 852 $aUNISOB$jFondo|Cofin|Cod$m113222 912 $aSOB019659 940 $aM 102 Monografia moderna SBN 941 $aM 957 $aFondo|Cofin|Cod$b000017$gCON$d113222$hCofin$racquisto$1bethb$2UNISOB$3UNISOB$420180621121358.0$520210608104913.0$6menle$fPer le modalità di consultazione vedi home page della Biblioteca link Fondi 996 $aCodice di Diritto Privato Europeo$91676574 997 $aUNISOB LEADER 04496nam 22006495 450 001 9910484878703321 005 20200711043722.0 010 $a3-658-13011-3 024 7 $a10.1007/978-3-658-13011-4 035 $a(CKB)3710000000718345 035 $a(DE-He213)978-3-658-13011-4 035 $a(MiAaPQ)EBC4532450 035 $a(PPN)194076431 035 $a(EXLCZ)993710000000718345 100 $a20160524d2016 u| 0 101 0 $ager 135 $aurnn|008mamaa 181 $ctxt$2rdacontent 182 $cc$2rdamedia 183 $acr$2rdacarrier 200 10$aBaukonstruktion im Klimawandel /$fvon Bernhard Weller, Marc-Steffen Fahrion, Sebastian Horn, Thomas Naumann, Johannes Nikolowski 205 $a1st ed. 2016. 210 1$aWiesbaden :$cSpringer Fachmedien Wiesbaden :$cImprint: Springer Vieweg,$d2016. 215 $a1 online resource (X, 333 S. 173 Abb., 131 Abb. in Farbe.) 311 $a3-658-13010-5 320 $aIncludes bibliographical references. 330 $aDas vorliegende Buch zeigt baukonstruktive Lösungen für eine zukunftsfähige Gebäudeertüchtigung vor dem Hintergrund des Klimawandels. Behandelt werden die klimatischen Einwirkungen Sommerhitze, Überflutung, Starkregen, Hagel, Wind und Schnee. Deren Veränderungen infolge des Klimawandels beeinflussen die Verletzbarkeit bestehender Wohngebäude und Nichtwohngebäude. Auf Grundlage objektiver Analysemethoden werden die Auswirkungen des Klimawandels auf Bestandsgebäude beschrieben und detaillierte baukonstruktive Anpassungsmaßnahmen erläutert. Der Inhalt Klimawandel und Klimaanpassung von Gebäuden als aktuelle Herausforderung ? Bestandsanalyse und baukonstruktive Anpassung von neun Wohn- und Nichtwohngebäuden der Baujahre von 1890 bis 1995 ? Gebäudeertüchtigung im Detail für die Einwirkungen aus Sommerhitze, Überflutung, Starkregen, Hagel, Wind und Schnee - Wirtschaftlichkeit von Anpassungsmaßnahmen Die Zielgruppe Architekten, Ingenieure, Denkmalpfleger Immobilienwirtschaft Die Autoren Prof. Dr.-Ing Bernhard Weller ist Direktor des Instituts für Baukonstruktion an der Technischen Universität Dresden. Dr.-Ing. Marc-Steffen Fahrion war Leiter der Forschungsgruppe ?Energieeffizienz und Nachhaltigkeit? am Institut für Baukonstruktion an der Technischen Universität Dresden. Dipl.-Ing. Sebastian Horn ist Leiter der Forschungsgruppe ?Energieeffizienz und Nachhaltigkeit? am Institut für Baukonstruktion an der Technischen Universität Dresden. Prof. Dr.-Ing. Thomas Naumann ist Leiter des Forschungsbereichs "Umweltrisiken in der Stadt- und Regionalentwicklung" am Leibniz-Institut für ökologische Raumentwicklung e.V. in Dresden. Dr.-Ing. Johannes Nikolowski ist Mitarbeiter im Büro GB1 Ingenieure mit den Tätigkeitsschwerpunkten Schadensanalyse, Sanierungsplanung und Qualitätssicherung. 606 $aBuildings?Design and construction 606 $aBuilding 606 $aConstruction 606 $aEngineering, Architectural 606 $aBuilding construction 606 $aBuildings$xRepair and reconstruction 606 $aBuildings?Repair and reconstruction 606 $aBuilding Construction and Design$3https://scigraph.springernature.com/ontologies/product-market-codes/T23012 606 $aBuilding Physics, HVAC$3https://scigraph.springernature.com/ontologies/product-market-codes/T23080 606 $aBuilding Repair and Maintenance$3https://scigraph.springernature.com/ontologies/product-market-codes/T23055 615 0$aBuildings?Design and construction. 615 0$aBuilding. 615 0$aConstruction. 615 0$aEngineering, Architectural. 615 0$aBuilding construction. 615 0$aBuildings$xRepair and reconstruction. 615 0$aBuildings?Repair and reconstruction. 615 14$aBuilding Construction and Design. 615 24$aBuilding Physics, HVAC. 615 24$aBuilding Repair and Maintenance. 676 $a690 700 $aWeller$b Bernhard$4aut$4http://id.loc.gov/vocabulary/relators/aut$0983912 702 $aFahrion$b Marc-Steffen$4aut$4http://id.loc.gov/vocabulary/relators/aut 702 $aHorn$b Sebastian$4aut$4http://id.loc.gov/vocabulary/relators/aut 702 $aNaumann$b Thomas$4aut$4http://id.loc.gov/vocabulary/relators/aut 702 $aNikolowski$b Johannes$4aut$4http://id.loc.gov/vocabulary/relators/aut 906 $aBOOK 912 $a9910484878703321 996 $aBaukonstruktion im Klimawandel$92844243 997 $aUNINA